000 00443nam a2200181Ia 4500
005 20250508161908.0
008 008 250505s9999 xx 000 0 hin d
037 _aTextual
040 _aFEDL
_beng
_cFEDL
041 _ahin
_2eng
084 _a512, NCE
_qFEDL
245 0 _aAnkganit beejganit tritiya bhag
245 0 _cNCERT
260 _c1971
300 _a228p.
942 _cTEXL
_h512, NCE
999 _c1373031
_d1373031